[Event "St Petersburg-ch (Women)"]
[Site "St Petersburg"]
[Date "2015.03.31"]
[Round "9"]
[White "Katyshkina, Anastasia"]
[Black "Petrochenko, Maria"]
[Result "0-1"]
[WhiteElo "1940"]
[BlackElo "1938"]
[PlyCount "42"]
[EventDate "2015.03.23"]
[EventType "swiss"]
[EventRounds "9"]
[EventCountry "RUS"]
[SourceTitle "CBM 165 Extra"]
[Source "ChessBase"]
[SourceDate "2015.04.21"]
[SourceVersion "1"]
[SourceVersionDate "2015.04.21"]
[SourceQuality "1"]

1. e4 c5 2. a3 Nc6 3. b4 e5 4. b5 Nd4 5. Nf3 Nf6 6. Nc3 d5 7. Nxe5 Bd6 8. f4 Bxe5 9. fxe5 Bg4 10. Be2 Nxe4 11. Bxg4 Qh4+ 12. g3 Nxg3 13. hxg3 Qxh1+ 14. Kf2 Qh2+ 15. Kf1 h5 16. Bf3 Qxg3 17. Bxd5 h4 18. Bb2 h3 19. Qe1 Qg4 20. Qf2 0-0-0 21. Bh1 Rh5 0-1

[Event "St Petersburg-ch (Women)"]
[Site "St Petersburg"]
[Date "2015.03.26"]
[Round "4"]
[White "Katyshkina, Anastasia"]
[Black "Styazhkina, Anna"]
[Result "0-1"]
[WhiteElo "1940"]
[BlackElo "2220"]
[PlyCount "62"]
[EventDate "2015.03.23"]
[EventType "swiss"]
[EventRounds "9"]
[EventCountry "RUS"]
[SourceTitle "CBM 165 Extra"]
[Source "ChessBase"]
[SourceDate "2015.04.21"]
[SourceVersion "1"]
[SourceVersionDate "2015.04.21"]
[SourceQuality "1"]

1. e4 e5 2. Nf3 Nc6 3. d4 exd4 4. Bc4 Nf6 5. 0-0 Bc5 6. e5 d5 7. exf6 dxc4 8. Qe2+ Be6 9. fxg7 Rg8 10. Ng5 Qf6 11. Nxe6 Qxe6 12. Qh5 Be7 13. Bf4 0-0-0 14. Qxh7 Bf6 15. Nd2 c3 16. Nb3 Rxg7 17. Qd3 Qd5 18. Bg3 Nb4 19. Qe2 cxb2 20. Rab1 Rg6 21. a3 d3 22. cxd3 Nxd3 23. Qc2 Nf4 24. f3 Bd4+ 25. Nxd4 Qxd4+ 26. Rf2 Rc6 27. Qxb2 Rb6 28. Qc2 Rxb1+ 29. Qxb1 Nd3 30. Qc2 c6 31. Kf1 Qa1+ 0-1

[Event "St Petersburg Botvinnik Memorial op"]
[Site "St Petersburg"]
[Date "2012.08.29"]
[Round "5"]
[White "Katyshkina, Anastasia"]
[Black "Sorokina, Svetlana Vitalievna"]
[Result "0-1"]
[WhiteElo "1923"]
[BlackElo "1713"]
[PlyCount "66"]
[EventDate "2012.08.25"]
[EventType "swiss"]
[EventRounds "9"]
[EventCountry "RUS"]
[SourceTitle "CBM 150 Extra"]
[Source "ChessBase"]
[SourceDate "2012.10.19"]
[SourceVersion "1"]
[SourceVersionDate "2012.10.19"]
[SourceQuality "1"]

1. e4 e5 2. Nf3 Nc6 3. c3 d6 4. d4 Bd7 5. Bc4 Be7 6. 0-0 Nf6 7. d5 Na5 8. Bd3 b5 9. Nbd2 0-0 10. Qe2 a6 11. Re1 Nb7 12. Nf1 Ne8 13. Ng3 g6 14. h3 Ng7 15. Nh2 f5 16. exf5 Nxf5 17. Nxf5 Bxf5 18. Ng4 Bxd3 19. Qxd3 Bg5 20. Be3 Bxe3 21. Rxe3 Nc5 22. Qe2 h5 23. Nh2 Rf5 24. g4 hxg4 25. hxg4 Qg5 26. b4 Nd7 27. Rg3 Rf7 28. Nf3 Qf4 29. Qe3 Nf6 30. a4 Qxe3 31. fxe3 Nxd5 32. axb5 Nxc3 33. Rxa6 Raf8 0-1

[Event "Zakharevich Memorial 40th"]
[Site "Staraya Russa"]
[Date "2012.08.04"]
[Round "5"]
[White "Katyshkina, Anastasia"]
[Black "Vlasov, Evgeniy"]
[Result "1-0"]
[WhiteElo "1923"]
[BlackElo "1920"]
[PlyCount "45"]
[EventDate "2012.08.01"]
[EventType "swiss"]
[EventRounds "9"]
[EventCountry "RUS"]
[SourceTitle "EXT 2013"]
[Source "ChessBase"]
[SourceDate "2012.11.22"]
[SourceVersion "1"]
[SourceVersionDate "2012.11.22"]
[SourceQuality "1"]

1. e4 d6 2. d4 g6 3. f4 Bg7 4. Nf3 Nf6 5. Nc3 0-0 6. Be2 c5 7. d5 e6 8. dxe6 Bxe6 9. 0-0 d5 10. e5 Ne8 11. Ng5 Nc7 12. Bf3 Nc6 13. Ne2 Qe7 14. Be3 Rad8 15. Ng3 h6 16. Nxe6 fxe6 17. Qd3 d4 18. Bd2 g5 19. Bxc6 bxc6 20. fxg5 Bxe5 21. Nh5 Qh7 22. g6 Qe7 23. Bxh6 1-0

[Event "Zakharevich Memorial 40th"]
[Site "Staraya Russa"]
[Date "2012.08.02"]
[Round "2"]
[White "Savatyev, Alexander"]
[Black "Katyshkina, Anastasia"]
[Result "1-0"]
[WhiteElo "2174"]
[BlackElo "1923"]
[PlyCount "73"]
[EventDate "2012.08.01"]
[EventType "swiss"]
[EventRounds "9"]
[EventCountry "RUS"]
[SourceTitle "EXT 2013"]
[Source "ChessBase"]
[SourceDate "2012.11.22"]
[SourceVersion "1"]
[SourceVersionDate "2012.11.22"]
[SourceQuality "1"]

1. d4 Nf6 2. c4 g6 3. f3 d5 4. cxd5 Nxd5 5. e4 Nb6 6. Nc3 Bg7 7. Be3 0-0 8. Qd2 e6 9. h4 Nc6 10. Rd1 Qe7 11. Bb5 Rd8 12. Bxc6 bxc6 13. b3 c5 14. Qf2 Ba6 15. Bg5 f6 16. Be3 c4 17. Nge2 cxb3 18. axb3 Qb4 19. 0-0 Qxb3 20. Rb1 Qc4 21. Rfc1 c6 22. Nb5 Bxb5 23. Rxc4 Nxc4 24. Nc3 a6 25. f4 Bh6 26. Bc1 Rd7 27. f5 Bxc1 28. Rxc1 exf5 29. exf5 Re8 30. Re1 Rde7 31. Rxe7 Rxe7 32. fxg6 hxg6 33. Qxf6 Re1+ 34. Kh2 Ne3 35. Qxg6+ Kf8 36. Nxb5 Nf1+ 37. Kg1 1-0

[Event "St Petersburg Rudenko Memorial (Women)"]
[Site "St Petersburg"]
[Date "2011.08.31"]
[Round "9"]
[White "Katyshkina, Anastasia"]
[Black "Balaian, Alina"]
[Result "1/2-1/2"]
[WhiteElo "1936"]
[BlackElo "2163"]
[PlyCount "158"]
[EventDate "2011.08.23"]
[EventType "swiss"]
[EventRounds "9"]
[EventCountry "RUS"]
[SourceTitle "CBM 144 Extra"]
[Source "ChessBase"]
[SourceDate "2011.10.28"]
[SourceVersion "1"]
[SourceVersionDate "2011.10.28"]
[SourceQuality "1"]

1. e4 e6 2. Nf3 d5 3. Nc3 d4 4. Ne2 c5 5. c3 Nf6 6. e5 Nfd7 7. cxd4 cxd4 8. Nexd4 Nxe5 9. Bb5+ Nec6 10. 0-0 Be7 11. Nxc6 bxc6 12. Ba4 0-0 13. d4 Bb7 14. Qb3 Qc8 15. Bf4 Nd7 16. Rac1 a5 17. Rc2 Ra6 18. Rfc1 Qa8 19. Qe3 Nf6 20. Bb3 a4 21. Bc4 Ra5 22. Ne5 c5 23. Nxf7 Rxf7 24. Bxe6 Qe8 25. dxc5 Qc6 26. f3 Nd5 27. Bxf7+ Kxf7 28. Qd4 Bc8 29. Bd2 Ra7 30. Qe5 Be6 31. Kh1 Rd7 32. Qh5+ Kg8 33. Qe8+ Bf8 34. b4 axb3 35. axb3 Nb4 36. Bxb4 Rd1+ 37. Rxd1 Qxe8 38. Rcd2 Qb5 39. Rd4 Bxb3 40. Rc1 Qc6 41. h3 Be7 42. Re4 Bf6 43. Rce1 Kf7 44. R4e3 Ba4 45. Ba3 Qc7 46. Rd3 Qg3 47. Rde3 Bc6 48. Bc1 Bd8 49. Bb2 Bg5 50. Be5 Qf2 51. R3e2 Qxc5 52. Bg3 Bf6 53. Kh2 Qc4 54. Re3 Bb5 55. Re4 Qc2 56. Be5 Bc6 57. R4e2 Bxe5+ 58. Kh1 Qxe2 59. Rxe2 Bg3 60. Rc2 Bd5 61. Kg1 Bb7 62. Rb2 Bc8 63. Rc2 Bf5 64. Rd2 Be6 65. Rd4 Kf6 66. Kf1 Ke5 67. Rb4 h5 68. Ke2 Bf5 69. Ke3 g6 70. Rc4 Kd5 71. Ra4 Bc7 72. g4 hxg4 73. hxg4 Bc2 74. Rd4+ Ke5 75. f4+ Kf6 76. Rc4 Bxf4+ 77. Kxf4 Bb3 78. Rc6+ Be6 79. Rb6 g5+ 1/2-1/2

[Event "St Petersburg Rudenko Memorial (Women)"]
[Site "St Petersburg"]
[Date "2011.08.25"]
[Round "3"]
[White "Travkina, Anastasia"]
[Black "Katyshkina, Anastasia"]
[Result "1-0"]
[WhiteElo "2176"]
[BlackElo "1936"]
[PlyCount "109"]
[EventDate "2011.08.23"]
[EventType "swiss"]
[EventRounds "9"]
[EventCountry "RUS"]
[SourceTitle "CBM 144 Extra"]
[Source "ChessBase"]
[SourceDate "2011.10.28"]
[SourceVersion "1"]
[SourceVersionDate "2011.10.28"]
[SourceQuality "1"]

1. e4 d5 2. exd5 Nf6 3. Bb5+ Bd7 4. Be2 Bf5 5. d4 Nxd5 6. a3 g6 7. Nf3 Bg7 8. 0-0 0-0 9. c4 Nb6 10. Nc3 Nc6 11. c5 Nd5 12. Bc4 Be6 13. Ba2 Qd7 14. Re1 Rad8 15. Bg5 h6 16. Bh4 Nf4 17. Bg3 Bxa2 18. Bxf4 Be6 19. Ne5 Qxd4 20. Nxc6 bxc6 21. Bxc7 Rd7 22. Qxd4 Bxd4 23. Bf4 Bxc5 24. Bxh6 Rb8 25. b4 Bd4 26. Rac1 a5 27. bxa5 Rb3 28. Ne2 c5 29. Nxd4 cxd4 30. f3 d3 31. Bd2 Rd6 32. Rb1 Kf8 33. Rxb3 Bxb3 34. Rb1 Bc2 35. Rb8+ Kg7 36. Rb6 Rd7 37. Kf2 f5 38. a6 Ra7 39. Bc3+ Kf7 40. Ke3 g5 41. Kd2 Ra8 42. Bd4 f4 43. Rh6 Ba4 44. a7 Be8 45. Ra6 e6 46. Be5 Ke7 47. Bb8 Bd7 48. Ra5 Kf6 49. Rc5 Be8 50. Rc8 Kf7 51. Kxd3 Bb5+ 52. Kd4 Bf1 53. Rc2 Bb5 54. Ke5 Ba4 55. Rc7+ 1-0

[Event "St Petersburg Spring op"]
[Site "St Petersburg"]
[Date "2011.03.31"]
[Round "9"]
[White "Krukovsky, Alexander"]
[Black "Katyshkina, Anastasia"]
[Result "1/2-1/2"]
[WhiteElo "2101"]
[BlackElo "1907"]
[PlyCount "54"]
[EventDate "2011.03.23"]
[EventType "swiss"]
[EventRounds "9"]
[EventCountry "RUS"]
[SourceTitle "CBM 141 Extra"]
[Source "ChessBase"]
[SourceDate "2011.05.03"]
[SourceVersion "1"]
[SourceVersionDate "2011.05.03"]
[SourceQuality "1"]

1. d4 Nf6 2. c4 g6 3. Nf3 Bg7 4. Nc3 d5 5. Bg5 Ne4 6. Bh4 Nxc3 7. bxc3 c5 8. e3 0-0 9. cxd5 Qxd5 10. Bxe7 Re8 11. Bxc5 b6 12. Bb5 Re6 13. c4 Qd8 14. Bb4 Na6 15. Bc3 Nc5 16. 0-0 Ne4 17. Bb2 Bb7 18. Qe2 Ng5 19. Nxg5 Qxg5 20. d5 Bxb2 21. Qxb2 Re4 22. Qc2 f5 23. Bd7 Rd8 24. Be6+ Rxe6 25. h4 Qxh4 26. dxe6 Bxg2 27. Kxg2 Qg4+ 1/2-1/2

[Event "St Petersburg Spring op"]
[Site "St Petersburg"]
[Date "2011.03.30"]
[Round "8"]
[White "Katyshkina, Anastasia"]
[Black "Svidinsky, Dmitry"]
[Result "1/2-1/2"]
[WhiteElo "1907"]
[BlackElo "2123"]
[PlyCount "75"]
[EventDate "2011.03.23"]
[EventType "swiss"]
[EventRounds "9"]
[EventCountry "RUS"]
[SourceTitle "CBM 141 Extra"]
[Source "ChessBase"]
[SourceDate "2011.05.03"]
[SourceVersion "1"]
[SourceVersionDate "2011.05.03"]
[SourceQuality "1"]

1. e4 c5 2. Nf3 d6 3. d4 cxd4 4. Nxd4 Nf6 5. Nc3 a6 6. h3 e5 7. Nde2 Be7 8. g4 h6 9. Ng3 Be6 10. Bg2 Nc6 11. Be3 Qa5 12. 0-0 Rc8 13. a3 0-0 14. Nd5 Bxd5 15. exd5 Nb8 16. Nf5 Rfe8 17. Bxh6 gxh6 18. Nxh6+ Kf8 19. g5 Nbd7 20. gxf6 Nxf6 21. Nf5 Qa4 22. Qc1 Qf4 23. Qxf4 exf4 24. c3 Nd7 25. Bf3 Ne5 26. Bg4 Rc5 27. Rfd1 Rd8 28. Rac1 Bf6 29. Be2 Ng6 30. Bf3 Ne5 31. Be4 Ke8 32. Kh2 Kd7 33. Nd4 Rh8 34. Nf3 Nxf3+ 35. Bxf3 a5 36. Bg4+ Ke7 37. Bf3 Be5 38. Rg1 1/2-1/2

[Event "St Petersburg White Nights op"]
[Site "St Petersburg"]
[Date "2010.06.16"]
[Round "1"]
[White "In't Veld, Daan"]
[Black "Katyshkina, Anastasia"]
[Result "1-0"]
[WhiteElo "2217"]
[BlackElo "1864"]
[PlyCount "55"]
[EventDate "2010.06.16"]
[EventType "swiss"]
[EventRounds "9"]
[EventCountry "RUS"]
[SourceTitle "EXT 2011"]
[Source "ChessBase"]
[SourceDate "2010.11.26"]
[SourceVersion "1"]
[SourceVersionDate "2010.11.26"]
[SourceQuality "1"]

1. e4 Nf6 2. e5 Nd5 3. d4 d6 4. Nf3 Bg4 5. exd6 cxd6 6. c4 Nb6 7. a4 Nc6 8. Be3 g6 9. Nbd2 Bg7 10. h3 Bxf3 11. Nxf3 Rc8 12. a5 Nd7 13. Qd2 0-0 14. Be2 b6 15. axb6 axb6 16. 0-0 Na5 17. Qb4 Nc6 18. Qb5 e6 19. Ra6 Ne7 20. Bf4 Nf5 21. Rd1 h5 22. g4 Nb8 23. Rxb6 Nh4 24. Bxd6 Nxf3+ 25. Bxf3 Re8 26. c5 Nd7 27. Rb7 Nf6 28. Bc6 1-0